| 000 | 00969cam a22001934a 4500 | ||
|---|---|---|---|
| 005 | 20250605164037.0 | ||
| 008 | 250528s ||||||||||||||||||||||||d | ||
| 035 | _a16859 | ||
| 040 |
_aGR-AtMCL _bgre _dGR-AtMCL _eAACR2 |
||
| 245 | 1 | _aΣημειώσεις στο Μάθημα Εφαρμοσμένη Επιχειρησιακή Έρευνα | |
| 260 |
_bΑθήνα, _c1997 |
||
| 300 | _a146 | ||
| 505 | 0 | _aΕισαγωγή, Δικτυωτή Ανάλυση, Εισαγωγή στην Προσομοίωση, Εισαγωγή στον Προγραμματισμό και Έλεγχο Αποθεμάτων, Παράρτημα. | |
| 520 | _aΕισαγωγή, Δικτυωτή Ανάλυση, Εισαγωγή στην Προσομοίωση, Εισαγωγή στον Προγραμματισμό και Έλεγχο Αποθεμάτων, Παράρτημα. | ||
| 700 | 1 |
_aΓκιωκάς Δημήτρης _92943 |
|
| 942 | _cBK | ||
| 999 |
_c2311 _d2311 |
||